000 00534nam a22001937a 4500
999 _c2065
_d2065
003 OSt
005 20210615094811.0
008 160121b xxu||||| |||| 00| 0 eng d
020 _a672325071
040 _aMMU
_beng
_cMMU
_dMMU
050 _aZ 253.532
_b.M53S64 1998
100 _9479
_aSnell, Ned
245 _aTeach yourself the internet in 24 hours/
_cNed Snell.
260 _aIndiana :
_bSams ,
_c2002.
300 _a505 p. :
500 _aincludes index
650 0 _9480
_aLearning about the internet
942 _2lcc
_cLOAN LOAN